Fiumi delle città italiane - Statistics

Statistiche generali
  • Questo quiz è stato fatto 350 volte
    183 dall'ultimo reset
  • Il punteggio medio è 19 su 35
Statistiche sulle risposte
Città Fiume % Corretto
Torino Po (652 km) e Dora Riparia (125 km)
99%
Cremona Po (652 km)
98%
Piacenza Po (652 km)
98%
Roma Tevere (405 km)
93%
Firenze Arno (241 km)
89%
Pisa Arno (241 km)
89%
Trento Adige (410 km)
82%
Verona Adige (410 km)
82%
Bolzano Adige (410 km) e Isarco (96 km)
82%
Aosta Dora Baltea (168 km)
75%
Pavia Ticino (248 km)
67%
Lecco Adda (313 km)
64%
Lodi Adda (313 km)
64%
Sondrio Adda (313 km)
64%
Belluno Piave (231 km)
62%
Alessandria Tanaro (276 km) e Bormida (153 km)
62%
Bologna Reno (211 km)
52%
Padova Brenta (174 km)
48%
Gorizia Isonzo (136 km)
47%
Milano Lambro (130 km)
44%
Monza Lambro (130 km)
44%
L'Aquila Aterno-Pescara (152 km)
34%
Pescara Aterno-Pescara (152 km)
34%
Ascoli Piceno Tronto (115 km)
33%
Terni Nera (116 km)
30%
Grosseto Ombrone (161 km)
30%
Barletta Ofanto (134 km)
26%
Cuneo Stura di Demonte (115 km)
26%
Vicenza Bacchiglione (119 km)
25%
Vercelli Sesia (140 km)
24%
Lucca Serchio (111 km)
22%
Potenza Basento (149 km)
20%
Brescia Mella (96 km)
20%
Benevento Calore Irpino (108 km)
18%
Forlì Montone (140 km)
13%
Nessun quiz corrispondente trovato
Distribuzione punteggi
Percentuale di utenti per punteggio
Percentile per numero di risposta
I tuoi punteggi nel tempo
Non hai fatto questo quiz dall'ultimo reset